Pédiatrie. (Record no. 188377)

MARC details
000 -LEADER
campo de control de longitud fija 01079nam a2200241 i 4500
001 - NÚMERO DE CONTROL
campo de control 188377
003 - IDENTIFICADOR DE NÚMERO DE CONTROL
campo de control ES-MaACL
005 - FECHA Y HORA DE LA ÚLTIMA TRANSACCIÓN
campo de control 20251002204755.0
008 - DATOS DE LONGITUD FIJA--INFORMACIÓN GENERAL
campo de control de longitud fija 180906s1923 fr |||| | fre d
245 00 - MENCIÓN DEL TÍTULO
Título Pédiatrie.
Número de parte o sección de la obra I /
Mención de responsabilidad, etc. par Pr Marfan, Apert, Renault ... [et al.].
260 ## - PUBLICACIÓN, DISTRIBUCIÓN, ETC.
Lugar de publicación, distribución, etc. Paris :
Nombre del editor, distribuidor, etc. A. Maloine,
Fecha de publicación, distribución, etc. 1923.
300 ## - DESCRIPCIÓN FÍSICA
Extensión 1 t. en 2 v. (1176 p.) :
Otras características físicas il. ;
Dimensiones 19 cm.
490 1# - MENCIÓN DE SERIE
Mención de serie Traité de pathologie médicale et de thérapeutique appliquée / publié sous la direction de Emile Sergent, L. Ribadeau-Dumas, L. Babonneix ;
Designación de volumen o secuencia 24
650 #4 - PUNTO DE ACCESO ADICIONAL DE MATERIA--TÉRMINO DE MATERIA
Término de materia o nombre geográfico como elemento de entrada Pediatría.
9 (RLIN) 136672
650 #4 - PUNTO DE ACCESO ADICIONAL DE MATERIA--TÉRMINO DE MATERIA
Término de materia o nombre geográfico como elemento de entrada Niños-
Subdivisión general Enfermedades.
9 (RLIN) 15546
700 1# - ENTRADA AGREGADA--NOMBRE PERSONAL
Nombre de persona Sergent, Émile,
Fechas asociadas al nombre 1867-1943
9 (RLIN) 151848
700 1# - ENTRADA AGREGADA--NOMBRE PERSONAL
Nombre de persona Ribadeau-Dumas, Louis (
Fechas asociadas al nombre 1876-1951)
9 (RLIN) 151844
700 1# - ENTRADA AGREGADA--NOMBRE PERSONAL
Nombre de persona Babonneix, Léon,
Fechas asociadas al nombre 1876-1942
9 (RLIN) 151847
700 1# - ENTRADA AGREGADA--NOMBRE PERSONAL
Nombre de persona Marfan, Antonin-Bernard.
9 (RLIN) 76600
830 1# - PUNTO DE ACCESO ADICIONAL DE SERIE-TÍTULO UNIFORME
Título uniforme Traité de pathologie médicale et de thérapeutique appliquée / publié sous la direction de Emile Sergent, L. Ribadeau-Dumas, L. Babonneix ;
Designación de volumen o secuencia 24
9 (RLIN) 225683
852 ## - LOCALIZACIÓN
Ubicación ES-MaACL
Número de control de estantería C-16754-55
Holdings
Estatus retirado Estado de pérdida Estado de daño No para préstamo Biblioteca de origen Biblioteca actual Ubicación en estantería Fecha de adquisición Fuente de adquisición Total de préstamos Signatura topográfica completa Código de barras Visto por última vez Precio de reemplazo Tipo de ítem Koha
        Biblioteca del Ateneo de Madrid Biblioteca del Ateneo de Madrid Mesetón 06/09/2018     C-16754-55 1199275 23/02/2023 23/02/2023 Libro impreso